Thực trạng, nguyên nhân, giải pháp ứng phó sạt lở bờ sông Tiền đoạn chảy qua tỉnh An Giang Tiểu luận tốt nghiệp chuyên ngành Sư phạm Địa lý

Đã lưu trong:
書目詳細資料
主要作者: Lê, Thị Mỹ Huyền
其他作者: Phùng, Thái Dương (Hướng dẫn)
格式: 工具包 圖書
語言:Vietnamese
出版: Đồng Tháp Đại học Đồng Tháp 2019
主題:
標簽: 添加標簽
沒有標簽, 成為第一個標記此記錄!
Thư viện lưu trữ: Trung tâm Học liệu Lê Vũ Hùng, Trường Đại học Đồng Tháp
LEADER 01221npm a22002778a 4500
001 00044405
008 190708s2019####-vm#################vie|d
005 20200804160810.0
041 0 # |a vie 
082 1 4 |a 363.7  |b TH552TR 
100 0 # |a Lê, Thị Mỹ Huyền 
245 0 0 |a Thực trạng, nguyên nhân, giải pháp ứng phó sạt lở bờ sông Tiền đoạn chảy qua tỉnh An Giang  |b Tiểu luận tốt nghiệp chuyên ngành Sư phạm Địa lý  |c Lê Thị Mỹ Huyền; Phùng Thái Dương (hướng dẫn) 
260 # # |a Đồng Tháp  |b Đại học Đồng Tháp  |c 2019 
300 # # |a 25 tr.  |b hình ảnh  |c 29 cm. 
500 # # |a ĐTTS ghi: Trường Đại học Đồng Tháp. Khoa Sư phạm Sử - Địa và GDCT. Bộ môn Địa lý 
653 # # |a An Giang 
653 # # |a Tiểu luận tốt nghiệp 
653 # # |a Thực trạng 
653 # # |a Nguyên nhân 
653 # # |a Sông Tiền 
653 # # |a Sạt lở 
700 0 # |a Phùng, Thái Dương  |e Hướng dẫn 
852 # # |j TL.0000034 
910 0 # |d 8/7/2019 
980 # # |a Trung tâm Học liệu Lê Vũ Hùng, Trường Đại học Đồng Tháp